00569cam a22002051 4500001001300000003000400013005001700017008004100034010001700075035001900092040001800111042001200129050002500141082001000166100002100176245006800197260005500265300002600320999001700346ca 34001680 DLC20260227111135.0790129s1915 xx 000 0 eng  aca 34001680  a(OCoLC)4596934 aDLCcOCldDLC apremarc00aPS3503.O527bP7 1915 a812.51 aBooth, Hilliard.10aPrexy's proxy,ba farce comedy in two acts,cby Hilliard Booth. aPhiladelphia,bThe Penn publishing company,c1915. a28 p.bdiagr.c18 cm. c17583d17583